عو ر تو ں کے جنسی مسا يل (Record no. 185615)

MARC details
000 -LEADER
fixed length control field 00652nam a22001937a 4500
005 - DATE AND TIME OF LATEST TRANSACTION
control field 20220204152153.0
010 ## - LCCN (DPL NO)
LC control number UR-11420
020 ## - INTERNATIONAL STANDARD BOOK NUMBER
Terms of availability 250.00
International Standard Book Number 9789390533992
035 ## - SYSTEM CONTROL NUMBER
System control number U-9975
037 ## - SOURCE OF ACQUISITION
Source of stock number/acquisition DBAD/PUB
Stock number dpl
082 ## - DEWEY DECIMAL CLASSIFICATION NUMBER
Classification number 305.4
100 ## - MAIN ENTRY--PERSONAL NAME
Personal name سہيل جا معی
245 ## - TITLE STATEMENT
Title عو ر تو ں کے جنسی مسا يل
Statement of responsibility, etc سہيل جا معی
246 ## - VARYING FORM OF TITLE
Remainder of title Aurton Ke Jinsi Masayel (Urdu)
Title proper/short title by Suhail Jami
260 ## - PUBLICATION, DISTRIBUTION, ETC. (IMPRINT)
Place of publication, distribution, etc Delhi
Name of publisher, distributor, etc Educational Publishing House
Date of publication, distribution, etc 2021 ء
270 ## - ADDRESS
Address 3191,Vakil Street,Kucha Pandit,Lal Kuan,
City Delhi
Postal code 110006
Telephone number 23216162
Fax number -
300 ## - PHYSICAL DESCRIPTION
Extent 132 ص
Dimensions 22 Cm(Hb)
942 ## - ADDED ENTRY ELEMENTS (KOHA)
Source of classification or shelving scheme Dewey Decimal Classification
Item type Urdu Bks
Classification part 305.4
Call number suffix س و ہ
Holdings
Withdrawn status Lost status Not for loan Collection code Home library Current library Date acquired Source of acquisition Cost, normal purchase price Full call number Barcode Copy number Cost, replacement price Koha item type
    Not For Loan Non-fiction D.B.Act.Division Central Library 04/02/2022 DBAD/PUB 250.00 305.4 س و ہ U-9975 1 250.00 Urdu Bks

© Delhi Public Library
Hit Counter
free hit counter